Derechos humanos y derecho penal internacional / (Registro nro. 4701)

Detalles MARC
000 -LEADER
fixed length control field 00896nam a2200253Ia 4500
003 - CONTROL NUMBER IDENTIFIER
control field OSt
005 - DATE AND TIME OF LATEST TRANSACTION
control field 20200728134704.0
008 - FIXED-LENGTH DATA ELEMENTS--GENERAL INFORMATION
fixed length control field 191128s2005 ck fr 000 0 spa d
020 ## - INTERNATIONAL STANDARD BOOK NUMBER
International Standard Book Number 9588059747
040 ## - CATALOGING SOURCE
Original cataloging agency CO-JMCR
Transcribing agency CO-JMCR
041 0# - LANGUAGE CODE
Language code of text/sound track or separate title spa
082 04 - DEWEY DECIMAL CLASSIFICATION NUMBER
Classification number 341.481 /
Item number A494d
Edition number 23
100 1# - MAIN ENTRY--PERSONAL NAME
Personal name Ambos, Kai,
Relator term autor
9 (RLIN) 7982
245 10 - TITLE STATEMENT
Title Derechos humanos y derecho penal internacional /
Statement of responsibility, etc. Kai Ambos
260 ## - PUBLICATION, DISTRIBUTION, ETC.
Place of publication, distribution, etc. Bogotá :
Name of publisher, distributor, etc. Procuraduría General de la Nación,
Date of publication, distribution, etc. 2005
300 ## - PHYSICAL DESCRIPTION
Extent 77 páginas ;
Dimensions 17 cm.
490 0# - SERIES STATEMENT
Series statement Pensamiento jurídico ;
Volume/sequential designation 16
500 ## - GENERAL NOTE
General note Incluye notas a pie de página.
505 0# - FORMATTED CONTENTS NOTE
Formatted contents note Derechos humanos y derecho penal internacional -- Sobre los fines de la pena al nivel nacional y supranacional
650 14 - SUBJECT ADDED ENTRY--TOPICAL TERM
Topical term or geographic name entry element Derechos humanos (Derecho internacional)
9 (RLIN) 7983
650 14 - SUBJECT ADDED ENTRY--TOPICAL TERM
Topical term or geographic name entry element Delitos internacionales
9 (RLIN) 7984
650 14 - SUBJECT ADDED ENTRY--TOPICAL TERM
Topical term or geographic name entry element Jurisdicción penal
9 (RLIN) 7985
942 ## - ADDED ENTRY ELEMENTS (KOHA)
Source of classification or shelving scheme Dewey Decimal Classification
Koha item type Books
Existencias
Withdrawn status Lost status Source of classification or shelving scheme Damaged status Not for loan Collection code Home library Current library Date acquired Source of acquisition Total Checkouts Full call number Barcode Date last seen Date last checked out Copy number Koha item type
    Dewey Decimal Classification     Non-fiction Biblioteca Pública José María del Castillo y Rada Biblioteca Pública José María del Castillo y Rada 12/01/2017 Donación 1 341.481 / A494d 230002348 10/03/2024 09/24/2024 Ej.1 Books